000 00996nam a2200229 a 4500
001 39688
003 BD-RjUL
005 20211209053036.0
008 160416b2014 bg ||||| |||| 00| 0 ben d
020 _cTK.180
035 _a(BD-RjUL)39801
040 _aBD-RjUL
_bben
_cBD-RjUL
041 _aben
082 _223
_a 297.5492
_bUDT 2014
100 _aউদ্দীন,মোহাম্মদ হেলাল
_9122246
245 _aতুমি মুসলমান আমি হিন্দু যরে কেন ? :
_bমানবজাতির জন্য সংক্ষিপ্ত দাওয়াতনামা /
_cমুসাফির মোহাম্মদ হেলাল উদ্দীন
260 _aরাজশাহী:
_bহাফেজ মাওলানা মো: মাসরুর বিল্লাহ,
_c২০১৪
300 _a২৫৬ পূ.
_c২১ সেমি
650 _aIslam
_9122247
650 _aইসলাম
_9122248
942 _2ddc
_cBK
999 _c39688
_d39688